000 00580nam a2200169 4500
001 143962
003 ES-MaACL
005 20230906200920.0
007 t|
008 070214s1912 xxk r ||||1| eng d
100 1 _aShaw, Bernard.
_9106025
245 1 0 _aDramatic opinions and essays
_b: ; with an apology /
_cby Bernard Shaw ; containing as well a word on the dramatic opinions and essays of Bernard Shaw, by James Huneker.
260 _aLondon :
_bConstable and Co.,
_c1912.
300 _a2 v. ;
_c20 cm.
700 1 _aHuneker, James.
_964734
852 _aES-MaACL
_jF-2160-61
999 _c143962
_d143962